<?xml version="1.0" encoding="UTF-8"?><?xml-stylesheet type="text/xsl" href="static/style.xsl"?><OAI-PMH xmlns="http://www.openarchives.org/OAI/2.0/" xmlns:xsi="http://www.w3.org/2001/XMLSchema-instance" xsi:schemaLocation="http://www.openarchives.org/OAI/2.0/ http://www.openarchives.org/OAI/2.0/OAI-PMH.xsd"><responseDate>2026-06-02T04:28:12Z</responseDate><request verb="GetRecord" identifier="oai:riuma.uma.es:10630/29530" metadataPrefix="marc">https://riuma.uma.es/rest/oai/request</request><GetRecord><record><header><identifier>oai:riuma.uma.es:10630/29530</identifier><datestamp>2026-02-03T11:01:30Z</datestamp><setSpec>com_10630_2254</setSpec><setSpec>col_10630_37953</setSpec></header><metadata><record xmlns="http://www.loc.gov/MARC21/slim" xmlns:dcterms="http://purl.org/dc/terms/" xmlns:doc="http://www.lyncode.com/xoai" xmlns:xsi="http://www.w3.org/2001/XMLSchema-instance" xsi:schemaLocation="http://www.loc.gov/MARC21/slim http://www.loc.gov/standards/marcxml/schema/MARC21slim.xsd">
   <leader>00925njm 22002777a 4500</leader>
   <datafield ind2=" " ind1=" " tag="042">
      <subfield code="a">dc</subfield>
   </datafield>
   <datafield ind2=" " ind1=" " tag="720">
      <subfield code="a">López-González, Manuel Víctor</subfield>
      <subfield code="e">author</subfield>
   </datafield>
   <datafield ind2=" " ind1=" " tag="720">
      <subfield code="a">Díaz-Casares, Amelia</subfield>
      <subfield code="e">author</subfield>
   </datafield>
   <datafield ind2=" " ind1=" " tag="720">
      <subfield code="a">González-García, Marta</subfield>
      <subfield code="e">author</subfield>
   </datafield>
   <datafield ind2=" " ind1=" " tag="720">
      <subfield code="a">Peinado-Aragonés, Carlos Antonio</subfield>
      <subfield code="e">author</subfield>
   </datafield>
   <datafield ind2=" " ind1=" " tag="720">
      <subfield code="a">Barbancho-Fernández, Miguel Ángel</subfield>
      <subfield code="e">author</subfield>
   </datafield>
   <datafield ind2=" " ind1=" " tag="720">
      <subfield code="a">Carrillo-de-Albornoz, Margarita</subfield>
      <subfield code="e">author</subfield>
   </datafield>
   <datafield ind2=" " ind1=" " tag="720">
      <subfield code="a">Dawid-Milner, Marc Stefan</subfield>
      <subfield code="e">author</subfield>
   </datafield>
   <datafield ind2=" " ind1=" " tag="260">
      <subfield code="c">2018</subfield>
   </datafield>
   <datafield ind2=" " ind1=" " tag="520">
      <subfield code="a">To assess the possible function of glutamate in the interaction between the dorsomedial hypothalamic nucleus-perifornical area (DMH-PeF) and the A5 pontine region (A5), cardiovascular and respiratory changes were studied in response to electrical stimulation of the DMH-PeF (1 ms pulses, 30–50 μA given at 100 Hz for 5 s) before and after the microinjection of kynurenic acid (non-specific glutamate receptor antagonist; 50 nl, 5 nmol), MK-801 (NMDA receptor antagonist; 50 nl, 50 nmol), CNQX (non-NMDA receptor antagonist; 50 nl, 50 nmol) or MCPG (metabotropic glutamate receptor antagonist; 50 nl, 5 nmol) within the A5 region. DMH-PeF electrical stimulation elicited a pressor (p &lt; 0.001) and tachycardic response (p &lt; 0.001) which was accompanied by an inspiratory facilitation characterised by an increase in respiratory rate (p &lt; 0.001) due to a decrease in expiratory time (p &lt; 0.01). Kynurenic acid within the A5 region decreased the tachycardia (p &lt; 0.001) and the intensity of the blood pressure response (p &lt; 0.001) to DMH-PeF stimulation. After the microinjection of MK-801 and CNQX into the A5 region, the magnitude of the tachycardia and the pressor response were decreased (p &lt; 0.05 and p &lt; 0.01; p &lt; 0.001 and p &lt; 0.05, respectively). After MCPG microinjection into the A5 region, a decrease in the tachycardia (p &lt; 0.001) with no changes in the pressor response was observed during DMH-PeF stimulation. The respiratory response elicited by DMH-PeF stimulation was not changed after the microinjection of kynurenic acid, MK-801, CNQX or MCPG within the A5 region. These results suggest that A5 region glutamate receptors play a role in the cardiovascular response elicited from the DMH-PeF. The possible mechanisms involved in these interactions are discussed.</subfield>
   </datafield>
   <datafield ind1="8" ind2=" " tag="024">
      <subfield code="a">López-González, M.V., Díaz-Casares, A., González-García, M. et al. Glutamate receptors of the A5 region modulate cardiovascular responses evoked from the dorsomedial hypothalamic nucleus and perifornical area. J Physiol Biochem 74, 325–334 (2018). https://doi.org/10.1007/s13105-018-0623-3</subfield>
   </datafield>
   <datafield ind1="8" ind2=" " tag="024">
      <subfield code="a">https://hdl.handle.net/10630/29530</subfield>
   </datafield>
   <datafield ind1="8" ind2=" " tag="024">
      <subfield code="a">doi: 10.1007/s13105-018-0623-3</subfield>
   </datafield>
   <datafield tag="653" ind2=" " ind1=" ">
      <subfield code="a">Respiración - Regulación - Modelos animales</subfield>
   </datafield>
   <datafield tag="653" ind2=" " ind1=" ">
      <subfield code="a">Corazón - Regulación - Modelos animales</subfield>
   </datafield>
   <datafield tag="653" ind2=" " ind1=" ">
      <subfield code="a">Experimentación animal</subfield>
   </datafield>
   <datafield ind2="0" ind1="0" tag="245">
      <subfield code="a">Glutamate receptors of the A5 region modulate cardiovascular responses evoked from the dorsomedial hypothalamic nucleus and perifornical area</subfield>
   </datafield>
</record>
</metadata></record></GetRecord></OAI-PMH>